MEDZINÁRODNÁ KONFERENCIA O EXTRÉMNYCH HYDROLOGICKÝCH UDALOSTIACH

Bibliographic Details
Main Author: Lešková, Danica (Author)
Format: Article
Language:Slovak

MARC

LEADER 00000nab a2200000uu 4500
001 vtls010893676
003 SK-MaSNL
005 20260303110324.0
008 230121|2003 xo |||||||||||||||||slo|
015 |a SNBRB 
035 |a (urnnbn)urn:nbn:sk:snk:ar-006che 
035 |a (uuid)e24d6a78-b28d-4c50-b739-5c44e6864146 
035 |a urn:nbn:sk:snk-ab8mxd 
040 |a SNKBUCL  |b slo  |c SNKBUCL  |e AACR2 
041 0 |a slo 
044 |a xo  |c SK 
100 1 |a Lešková, Danica  |4 aut  |9 12406 
245 1 0 |a MEDZINÁRODNÁ KONFERENCIA O EXTRÉMNYCH HYDROLOGICKÝCH UDALOSTIACH  |c Danica Lešková 
773 0 |t Meteorologický časopis  |g Roč. 6, č. 4 (2003), s. 38 
954 |a odborná, vedecká literatúra pôvodná (slovenská)  |2 lita 
958 |a OND 
958 |a EUIPO 
958 |a article10 
999 |c 1869521  |d 1871451